| 000 | 01067cam a2200229 4500 | ||
|---|---|---|---|
| 001 | WB3648-12 | ||
| 008 | 000000n2000 000 0 eng u | ||
| 035 | _a(Sirsi) u109747 | ||
| 245 | _aBrownfield land pack launched | ||
| 260 | _c2000 | ||
| 490 |
_aEstates Gazette _v(0048) 2 December 2000, 28 |
||
| 490 |
_aNew Civil Engineer _v 30 November 2000, 5(2) |
||
| 520 | _aDiscusses the features, and implications, of a recently launched voluntary scheme that encourages landowners to compile seller's packs of information for brownfield or contaminated sites. The aim of these log books is to speed up land transactions, and improve the time and cost predictability in clean up. Copies of the Standard Land Condition Record can be obtained from the Institute of Environmental Management Assessment. Tel: (01522) 540069. | ||
| 590 | _aWB | ||
| 650 | _aLAND CONDITION RECORDS | ||
| 650 | _aLANDOWNERS | ||
| 650 | _aBROWNFIELD LAND | ||
| 650 | _aCONTAMINATED LAND | ||
| 650 | _aLAND CONDITION REGISTER | ||
| 690 | _aENVIRONMENT-CONTAMINATION | ||
| 942 | _n0 | ||
| 999 |
_c65501 _d65501 |
||